000 01086cgm a2200265 4500
001 B3201
008 090401t1987 xxu||||| |||| 00| 0 eng d
035 _a(Sirsi) u54682
041 _aeng
050 _a346.41032
100 _aOddy, Ian
245 _aProfessional liability and indemnity (sound recording)
260 _aLondon
_bRoyal Institution of Chartered Surveyors
_c1987
300 _a1 sound cassette (60 min).
350 _a10
490 _aOwlion Audio Programme
_vTapes.
520 _aPublished jointly with the College of Estate Management . This programme deals with the question of insurance in respect of the subject, analyses the Latent Damage Act 1986, considers the possibility of material damage policies, defending claims in respect of negligence and breach of contract and looks into relative merits of master policies and mutual funds.
650 _aAUDIO CASSETTES
650 _aLATENT DAMAGE ACT 1986
650 _aPROFESSIONAL INDEMNITY INSURANCE
700 _aKindred, Alan
700 _aWhinder, Stephen
942 _n0
948 _c04/03/1997
999 _c85291
_d85291